Handbook of microwave testing / (Record no. 61000)

000 -LEADER
fixed length control field 00884nam a2200253 a 4500
001 - CONTROL NUMBER
control field 2316621
003 - CONTROL NUMBER IDENTIFIER
control field NUST-PNEC
005 - DATE AND TIME OF LATEST TRANSACTION
control field 20170116180712.0
008 - FIXED-LENGTH DATA ELEMENTS--GENERAL INFORMATION
fixed length control field 820611s1981 maua b 001 0 eng
010 ## - LIBRARY OF CONGRESS CONTROL NUMBER
LC control number 81067941
020 ## - INTERNATIONAL STANDARD BOOK NUMBER
International Standard Book Number 0890060703
040 ## - CATALOGING SOURCE
Original cataloging agency DLC
Transcribing agency PNEC
Modifying agency DLC
050 00 - LIBRARY OF CONGRESS CALL NUMBER
Classification number TK7876
Item number .L37 1981
082 00 - DEWEY DECIMAL CLASSIFICATION NUMBER
Classification number 621.38137 LAV
100 1# - MAIN ENTRY--PERSONAL NAME
Personal name Laverghetta, Thomas S.
245 10 - TITLE STATEMENT
Title Handbook of microwave testing /
Statement of responsibility, etc. Thomas S. Laverghetta.
260 ## - PUBLICATION, DISTRIBUTION, ETC.
Place of publication, distribution, etc. Dedham, Mass. :
Name of publisher, distributor, etc. Artech,
Date of publication, distribution, etc. c1981.
300 ## - PHYSICAL DESCRIPTION
Extent 518 p. :
Other physical details ill. ;
Dimensions 24 cm.
500 ## - GENERAL NOTE
General note http://www.amazon.com/Handbook-Microwave-Testing-Thomas-Laverghetta/dp/0890060703/ref=sr_1_1?s=books&ie=UTF8&qid=1413264715&sr=1-1&keywords=0890060703
504 ## - BIBLIOGRAPHY, ETC. NOTE
Bibliography, etc. note Includes bibliographical references and index.
650 #0 - SUBJECT ADDED ENTRY--TOPICAL TERM
Topical term or geographic name entry element Microwave measurements.
General subdivision EL
906 ## - LOCAL DATA ELEMENT F, LDF (RLIN)
a 7
b cbc
c orignew
d 2
e opcn
f 19
g y-gencatlg
942 ## - ADDED ENTRY ELEMENTS (KOHA)
Source of classification or shelving scheme
Koha item type Book
Holdings
Withdrawn status Lost status Source of classification or shelving scheme Damaged status Not for loan Permanent Location Current Location Shelving location Date acquired Source of acquisition Cost, normal purchase price Total Checkouts Full call number Barcode Date last seen Cost, replacement price Price effective from Koha item type
          Pakistan Navy Engineering College (PNEC) Pakistan Navy Engineering College (PNEC) Reference 12/29/1987 Royal Book Company 1115.00   621.38137 LAV PNECLIB-011224 10/14/2014 1115.00 12/29/1987 Book
© 2023 Central Library, National University of Sciences and Technology. All Rights Reserved.